000 00614nam a2200241Ia 4500
001 Z_2437
008 220113s1982 xx 000 0 und d
010 _a165491
082 _a512.5 S8y
100 _aStrang, Gilbert
_9109948
245 _aAlgebra lineal y sus aplicaciones /
_cpor Gilbert Strang
260 _aMéxico, D. F. :
_bFondo Educativo Interamericano,
_c1982
300 _a454 p.
440 _a
500 _aTrad. De : Linear algebra, 2 ed. De 1980
503 _aC/E
650 _aAlgebra
_982391
901 _a512.5 S8y
902 _aA
910 _a1982
942 _cc1
999 _c165491
_d165491